Compositeurs de la période romantique - Statistiques

Statistiques générales
  • Ce quiz a été pris 69 fois
  • Le résultat moyen est 9 sur 19
Statistiques - réponses
Hint Réponse % Correct
Polonais Frédéric Chopin
91%
Allemand Ludwig van Beethoven
72%
Autrichien Franz Schubert
64%
Norvegien Edvard Grieg
62%
Allemand Robert Schumann
60%
Hongrois Franz Liszt
58%
Allemand Johannes Brahms
58%
Français Hector Berlioz
55%
Italien Giuseppe Verdi
53%
Français Camille Saint-Saëns
47%
Tchèque Antonin Dvorak
43%
Allemand Richard Wagner
43%
Russe Serge Rachmaninov
42%
Allemand Richard Strauss
36%
Italien Giacomo Puccini
32%
Allemand Felix Mendelssohn
30%
Autrichien Gustav Mahler
25%
Français César Franck
6%
Russe Piotr Ilitch Tchaïkosvki
2%
Aucun quiz correspondant
Distribution des résultats
% des personnes avec chaque résultat
Percentile par nombre de réponses
Votre historique - résultats
Vous n’avez pas pris ce quiz